000 00540nam a2200181Ia 4500
003 Ost
005 20260507075659.0
008 260507s9999||||xx |||||||||||||| ||und||
040 _cfsecg
041 _aara
082 _a350
100 _aالصحن، محمد فريد
_eمؤلف
245 0 _aمبادئ الادارة /
_c محمد فريد الصحن
260 _aالاسكندرية:
_bالدار الجامعية,
_c2002
300 _a396 صفحة؛
_bإيضاحات ؛
_c24 سم
653 _aالادارة
942 _cكتاب
999 _c45772
_d45772